Biblioteca

Reading the New Testament : (Registro nro. 65755)

Detalles MARC
000 -LÍDER
Campo fijo de descripción fija 02111cam a2200373 i 4500
001 - NÚMERO DE CONTROL
Campo de control 768714001
003 - IDENTIFICADOR DEL NÚMERO DE CONTROL
Campo de control CO-MdFUSB
005 - FECHA Y HORA DE LA ULTIMA TRANSACCIÓN
control field 20200421152623.0
007 - CAMPO FIJO DE DESCRIPCIÓN FIJA--INFORMACIÓN GENERAL
Campo fijo de descripción fija ta
008 - ELEMENTOS DE LONGITUD FIJA -- INFORMACIÓN GENERAL
Campo fijo de descripción fija -- Información general 870929t19881988nyua b 001 0 eng
010 ## - NÚMERO DE CONTROL DE LA BIBLIOTECA DEL CONGRESO
Número de control LC 87029065
020 ## - NÚMERO INTERNACIONAL NORMALIZADO PARA LIBROS
Número Internacional Normalizado del libro 0809129396
Información adicional (pbk.)
020 ## - NÚMERO INTERNACIONAL NORMALIZADO PARA LIBROS
Número Internacional Normalizado del libro 9780809129393
Información adicional (pbk.)
040 ## - FUENTE DE CATALOGACIÓN
Agencia de catalogación original DLC
Idioma de catalogación eng
Convenciones de la descripción rda
Agencia que realiza la transcripción CO-MdFUSB
Agencia que realiza la modificación BAKER
-- CO-MdFUSB
-- BTCTA
-- YDXCP
-- HNW
-- AU@
-- BDX
-- GBVCP
-- OCLCO
-- IAD
-- OCLCQ
-- OCLCF
-- OCLCQ
-- UX0
-- MVQ
-- DHA
-- CUT
-- OCLCA
-- NYHOF
-- OCL
041 ## - CÓDIGO DE IDIOMA
Código de idioma para texto/pista de sonido o título separado eng
082 ## - NÚMERO DE CLASIFICACIÓN DECIMAL DEWEY
Número de la edición del Dewey 23
Número de clasificación 225.61
Clave de autor-Numero de item P451
100 1# - ASIENTO PRINCIPAL--NOMBRE PERSONAL
Nombre personal Perkins, Pheme.
Término relacionador autor
245 10 - TÍTULO
Título del Material Reading the New Testament :
Parte restante del título - Subtitulo an introduction /
Mención de responsabilidad, etc. Pheme Perkins.
250 ## - MENCIÓN DE EDICIÓN
Mención de edición Segunda edición revisada
264 #1 - PRODUCCIÓN, PUBLICACIÓN, DISTRIBUCIÓN, MANUFACTURA, Y COPYRIGHT
Lugar de producción, publicación, distribución, manufactura New York, N.Y. ;
-- Mahwah, N.J. :
Nombre del productor, publicador, distribuidor Paulist Press,
Fecha de producción, publicación, distribución, manufactura, o copyright [1988]
264 #4 - PRODUCCIÓN, PUBLICACIÓN, DISTRIBUCIÓN, MANUFACTURA, Y COPYRIGHT
Fecha de producción, publicación, distribución, manufactura, o copyright ©1988.
300 ## - DESCRIPCIÓN FÍSICA
Extensión vii, 350 páginas :
Otros detalles físicos ilustraciones ;
Dimensiones 23 cm.
336 ## - TIPO DE CONTENIDO
Término de tipo de contenido texto
Código de tipo de contenido txt
Fuente rdacontent.
337 ## - TIPO DE MEDIO
Nombre del tipo de medio sin mediación
Código del tipo de medio n
Fuente rdamedia.
338 ## - TIPO DE SOPORTE
Nombre del tipo de soporte volumen
Código Tipo de soporte nc
Fuente rdacarrier.
504 ## - NOTA DE BIBLIOGRAFÍA, ETC.
Nota de bibliografía, etc Incluye referencias bibliográficas (páginas 329-338)
505 0# - NOTA DE CONTENIDO
Nota de contenido con formato preestablecido ¿Por qué estudiar la Biblia? - El mundo de Jesús - La vida de Jesús - La predicación de Jesús - La resurrección de Jesús - Los comienzos de la cristología - El mundo de Pablo - La vida de Pablo - Cristianos: judíos y gentiles - - Divisiones en Corinto - Universalización del mensaje de Pablo - Marca: Jesús, Mesías sufriente - Mateo: Jesús, maestro de Israel - Lucas: Jesús, el Señor - Juan: Jesús, el Hijo divino - Hechos: el evangelio para las naciones - Hebreos: el sumo sacerdote celestial - Las epístolas pastorales: una tradición paulina - Las epístolas católicas: una herencia apostólica - Las epístolas juaninas: una iglesia dividida - Revelación: cristianismo y el imperio
520 ## - NOTA DE RESUMEN, ETC.
Nota de sumario, etc. Discute la historia y la naturaleza del Nuevo Testamento, proporciona bosquejos de cada libro e información sobre descubrimientos arqueológicos, y comparte una interpretación de las Escrituras.
563 ## - NOTA DE ENCUADERNACIÓN
Nota de encuadernación Rústico
630 07 - TITULO UNIFORME
Título uniforme Biblia.
Nombre de parte o sección de la obra Nuevo Testamento
942 ## - TIPO DE MATERIAL (KOHA)
Tipo de Item KOHA Libros General
945 ## - INFORMACIÓN LOCAL DEL REGISTRO
Catalogador JTF-925
Existencias
Estado de Material Estado de Perdido Forma de Clasificación Estado de Dañado No para Préstamo Colección Biblioteca de Origen Biblioteca Permanente Fecha de Adquisición Forma de Adquisición Área Total de Préstamos Signatura Topográfica Código de Barras Última vez visto Ejemplar/Existencia Fecha de Remplazo Tipo de Material
    Dewey Decimal Classification     Colección General Biblioteca FUSBC Biblioteca FUSBC 21/04/2020 Donación Nottingham BIBLIA   G 225.61 P451r 6776 21/04/2020 Ej.1 21/04/2020 Libros General

Biblioteca FUSBC | Teléfono: (57+4) 349 88 10 Ext. 141| WhatsApp (+57) 3005338115 
E-mail: biblioteca@unisbc.edu.co | Calle 76 87-14 Robledo Palenque, Medellín, Colombia

Con tecnología Koha